Alpen Quiz - Statistiken

Allgemein
  • Dieses Quiz wurde 75 mal gespielt
  • Das Durchschnittsergebnis liegt bei 3 aus 5
Antwortstatistiken
Frage Antwort % Korrekt
Was ist der höchste Berg der Alpen Mont Blanc
92%
Liegt der MONT BERIDA in Frankreich? Nein
66%
Wie viele Bundesländer von Deutschland sind in den Alpen? 2
53%
Wie viele Länder haben Zugang zu den Alpen? 7
42%
Wie hoch ist der Großglockner? 3798m
32%
Keine übereinstimmenden Quizze gefunden
Verteilung der Resultate
Anzahl Personen mit jedem Resultat
Perzentil nach korrekt beantworteten Fragen
Ihre Resultats-Entwicklung
Sie haben dieses Quiz noch nicht gespielt